000 00498nam a2200181 a 4500
001 1778578483736
003 YourLibrary
005 20260512150558.0
008 260512s2010##################000#0#eng##
020 _a9780230551374
082 0 4 _a420.9
_bHOR
100 1 _aHorobin, Simon,
_eauthor.
245 1 0 _aStudying the History of Early English :
260 _bRed Globe Press,
_c2010.
650 0 _aLanguage Arts & Disciplines.
942 _cENGLISH
040 _aYourLibrary
_beng
_cYourLibrary
999 _c623097
_d623097